| 000 -ლიდერი |
| ფიქსირებული სიგრძის საკონტროლო ველი |
01464nam a22002417a 4500 |
| 003 - საკონტროლო ნომრის იდენტიფიკატორი |
| საკონტროლო ველი |
Ge_BSU |
| 005 - ბოლო ოპერაციის თარიღი და დრო |
| საკონტროლო ველი |
20250625165945.0 |
| 008 - ფიქსირებული სიგრძის მონაცემთა ელემენტები - ზოგადი ინფორმაცია |
| ფიქსირებული სიგრძის საკონტროლო ველი |
250625s2023 ge ||||| |||| 00| 0 geo d |
| 020 ## - წიგნის საერთაშორისო სტანდარტული ნომერი |
| International Standard Book Number |
9789941315652 |
| 041 ## - ენის კოდი |
| Language code of text/sound track or separate title |
geo |
| 080 ## - უნივერსალური ათობითი კლასიფიკაციის ინდექსი |
| Universal Decimal Classification number |
51(075.8) მ-15 |
| 245 ## - ცნობა სათაურის შესახებ |
| Title |
მათემატიკა: 2 კლასი: |
| Remainder of title |
მასწავლებლის წიგნი / |
| Statement of responsibility, etc |
გურამ გოგიშვილი, თ. ვეფხვაძე, ია მებონია, ლ. ქურჩიშვილი, თ. ვეფხვაძე; რედ. თ. ვეფხვაძე. |
| 250 ## - გამოცემის ცნობა |
| Edition statement |
პირველი გამოცემა |
| 264 ## - წარმოების, გამოცემის, დისტრიბუციის და სხვა ცნობები |
| გამოცემის, წარმოების, დისტრიბუციის... ადგილი |
თბილისი: |
| გამოცემის, წარმოების, დისტრიბუციის... სახელწოდება |
ინტელექტი, |
| გამოცემის, წარმოების, დისტრიბუციის... თარიღი |
2023. |
| 300 ## - ფიზიკური აღწერა |
| Extent |
186 გვ. ; |
| Other physical details |
28 სმ. |
| 500 ## - ზოგადი შენიშვნა |
| General note |
გრიფმინიჭებულია საქართველოს განათლებისა და მეცნიერების სამინისტროს მიერ 2023 წელს. |
| 653 ## - INDEX TERM--UNCONTROLLED |
| Uncontrolled term |
მათემატიკა |
| 700 ## - ADDED ENTRY--PERSONAL NAME |
| Personal name |
გოგიშვილი, გურამ |
| Relator term |
ავტორი |
| 9 (RLIN) |
25536 |
| 700 ## - ADDED ENTRY--PERSONAL NAME |
| Personal name |
ვეფხვაძე, თეიმურაზ |
| Relator term |
ავტორი, რედაქტორი |
| 9 (RLIN) |
25537 |
| 700 ## - ADDED ENTRY--PERSONAL NAME |
| Personal name |
მებონია, ია |
| Relator term |
ავტორი |
| 9 (RLIN) |
25538 |
| 700 ## - ADDED ENTRY--PERSONAL NAME |
| Personal name |
ქურჩიშვილი, ლამარა |
| Relator term |
ავტორი |
| 9 (RLIN) |
25539 |
| 942 ## - ADDED ENTRY ELEMENTS (KOHA) |
| Source of classification or shelving scheme |
|
| Koha item type |
წიგნი |